000
00199 a2200097 4500
001
1450
100
_a
Badger, W.L
245
_a
Chemical engineering
260
_a
_b
Mcgrawhill
_c
090
_c
993
_d
993
942
_a
NUST-CAE
_c
M
_c
36855
999
_c
236523
_d
236523